000 00463nam a2200181Ia 4500
003 OSt
005 20240209111948.0
008 210210b xxu||||| |||| 00| 0 eng d
040 _cAL
041 _aeng
082 _a822/217
100 _aBUKE (Edmund)
_9150100
245 _aReflections on the revolution in France: Scott Ed
260 _aBombay
_bK and J Cooper Educational Publisher
690 _aEnglish Prose
_9150101
906 _a012404
942 _2ddc
_cBK
999 _c131200
_d131200